| 000 | 00464nam a2200145 a 4500 | ||
|---|---|---|---|
| 001 | 000033788 | ||
| 005 | 20200930070523.0 | ||
| 008 | 110912s1828 nyu 000 0 eng d | ||
| 040 |
_aDO-SdBNP _bspa _cBNPHU |
||
| 082 |
_axxx _bI72a |
||
| 100 | 1 |
_aIrving, Washington, _d1783-1859. _911986 |
|
| 245 | 1 | 0 |
_aA history of the life and voyages of Christopher Columbus / _cWashington Irving. |
| 260 |
_aNew York : _bG. & C. Carvill, _c1828. |
||
| 300 |
_a3 v. : _bmap. ; _c24 cm. |
||
| 999 |
_c33279 _d33279 |
||